5HLuxD.jpg

KING HENRY VIII SENIOR AND PRIMARY SCHOOL LIBRARY OPAC

HUMANS (Record no. 4395)

000 -LEADER
fixed length control field 00280nam a22001217a 4500
008 - FIXED-LENGTH DATA ELEMENTS--GENERAL INFORMATION
fixed length control field 250214b ||||| |||| 00| 0 eng d
020 ## - INTERNATIONAL STANDARD BOOK NUMBER
International Standard Book Number 9781911509875
082 ## - DEWEY DECIMAL CLASSIFICATION NUMBER
Classification number 304.2
100 ## - MAIN ENTRY--PERSONAL NAME
Personal name MARTINEAU,SUSAN
Relator term AUTHOR
245 ## - TITLE STATEMENT
Title HUMANS
260 ## - PUBLICATION, DISTRIBUTION, ETC.
Name of publisher, distributor, etc. b small publishing ltd
942 ## - ADDED ENTRY ELEMENTS (KOHA)
Source of classification or shelving scheme
Holdings
Withdrawn status Lost status Source of classification or shelving scheme Damaged status Not for loan Collection code Permanent Location Current Location Shelving location Date acquired Total Checkouts Full call number Barcode Date last seen Date last checked out Price effective from Koha item type Public note
          Non-Fiction KH8 Primary School Library KH8 Primary School Library Non Fiction 2025-02-14 1 304.2 MAR KHPL000006160 2025-12-05 2025-11-27 2025-02-14 Books - Non Ficton KH8 PRIMARY LIBRARY

Powered By KH8 IT Dept